Camila Cabello Charting Songs (Bubbling Under) - Statistics

General Stats
  • This quiz has been taken 30 times
  • The average score is 5 of 9
Answer Stats
Album Peak Artist(s) Song % Correct
Late Night Feelings #2 Mark Ronson ft. Camila Cabello Find U Again
90%
Cosmic #19 Bazzi ft. Camila Cabello Beautiful
70%
The Fate of the Furious: The Album #8 Pitbull & J Balvin ft. Camila Cabello Hey Ma
70%
Camila #1 Camila Cabello Consequences
60%
Romance #15 Camila Cabello Cry For Me
60%
Romance #10 Camila Cabello Easy
50%
Camila (Japan Edition) #24 Camila Cabello I Have Questions
50%
The Kacey Musgraves Christmas Show #13 Kacey Musgraves ft. Camila Cabello Rockin' Around the Christmas Tree
40%
Non-Album Single #6 Camila Cabello Real Friends
25%
No matching quizzes found
Score Distribution
Percent of People with Each Score
Percentile by Number Answered
Your Score History
You have not taken this quiz